Ricostruisci la Carriera del Calciatore - Teemu Pukki - Statistics

Statistiche generali
  • Questo quiz è stato fatto 3 volte
  • Il punteggio medio è 2 su 9
Statistiche sulle risposte
Hint Risposta % Corretto
2014-2018 Brøndby
67%
2010-2011 HJK
67%
2013-2014 Celtic
33%
2011-2013 Schalke 04
33%
2006-2007 KooTeePee
0%
2023- Minnesota Utd
0%
2018-2023 Norwich City
0%
2008-2009 Siviglia
0%
2008-2010 Siviglia Atlético
0%
Nessun quiz corrispondente trovato
Distribuzione punteggi
Percentuale di utenti per punteggio
Percentile per numero di risposta
I tuoi punteggi nel tempo
Non hai fatto questo quiz